Missão trágica (Record no. 44823)

MARC details
000 -Etiqueta do registo
Valores 00630cam a22002171 04500
100 ## - Dados gerais de processamento
Dados gerais 19920508d1978 m y0pory5003 ba
101 1# - Língua de publicação
Língua por
102 ## - País de publicação
País PT
200 1# - Titulo e menção de responsabilidade
Título próprio Missão trágica
Primeira menção de responsabilidade Serge Laforest
Outras menções de responsabilidade trad. João Costa
205 ## - Menção da edição
Edição 1.ª ed.
210 #9 - Publicação
Local de publicação Lisboa
Nome do editor Círculo de Leitores,
Data de publicação 1978
215 ## - Descrição física 
Paginação / Volumes 162, [1] p.
Dimensões 19 cm
304 ## - Nota relativa ao título
Texto de nota Tít. orig.: Le cirque de Gaunce
314 ## - Responsabilidade Intelectual
Texto da nota Serge Laforest - Pseudónimo do escritor francês Serge-Marie Arcouët
675 ## - CDU
Notação 821.133.1-31
700 #1 - Autor principal
Apelido Laforest,
Nome Serge
702 #1 - Autor secundário
Apelido Costa,
Nome João,
Datas 1948-
Função 730
801 #0 - Fonte de origem
País PT
Agência BN
Regras de catalogação RPC
990 ## - Elementos KOHA
Tipo de documento Livro
Holdings
Aquisição Empréstimo Código de barras Cota Permissão de empréstimo Tipo de documento
Biblioteca Itinerante Biblioteca Itinerante 054997 821.133.1-3 LAF   Livro

Powered by Koha